000 00323nam a2200133Ia 4500
008 231129s1997||||xx |||||||||||||| ||spa||
040 _bspa
082 _a332.41 F825a
100 _aFranco Ruiz Rafael
245 0 _aAjustes integrales por inflación
260 _c1997
264 _aInvestigar Editores
942 _2ddc
_cBKS
999 _c4654
_d4654